000
00320nam a22001457a 4500
008
210312b ||||| |||| 00| 0 eng d
020
_a
9780536674760
041
_a
eng
080
_a
902
082
_a
902
100
_a
45
101
_a
ARKEO
245
_a
Genes,Ecology & Evolution
_c
Patterson,O.C
942
_2
udc
_c
BK
999
_c
56487
_d
56487